[Event "Idaho Open (Open)"]
[Site "Pocatello, ID"]
[Date "2009.04.04"]
[Round "1.5"]
[White "Watts, Victor G"]
[Black "Mothersill, Tom Edgar"]
[Result "1-0"]
[WhiteElo "1718"]
[BlackElo "1425"]

1. d4 e6 2. e3 d5 3. Bd3 c5 4. c3 c4 5. Bc2 Nf6 6. f4 Nc6 7. Nf3 b5 8. O-O Be7
9. Nbd2 a5 10. Ne5 Nxe5 11. fxe5 Nd7 12. Qh5 g6 13. Qh6 Bg5 14. Qg7 Rf8 15.
Nf3 Be7 16. Qxh7 b4 17. Nd2 Bg5 18. Nf3 Be7 19. Ne1 Ba6 20. Bxg6 Qc7 21. Rxf7
Kd8 22. Rxe7 Qc6 23. Nf3 b3 24. Ng5 Kc7 25. Nxe6+ Kb6 26. Rxd7 Qxe6 27. Rd6+
Qxd6 28. exd6 Rad8 29. Qc7+ Kb5 30. a4# 1-0

[Event "Idaho Open (Open)"]
[Site "Pocatello, ID"]
[Date "2009.04.04"]
[Round "2.2"]
[White "Eacker, Barry D"]
[Black "Watts, Victor G"]
[Result "1/2-1/2"]
[WhiteElo "1610"]
[BlackElo "1718"]

1. d4 b6 2. Bf4 Nf6 3. e3 Bb7 4. Nd2 a5 5. Ngf3 Na6 6. c3 Nh5 7. Bg5 g6 8. g4
Nf6 9. Bxf6 exf6 10. Rg1 Bg7 11. Bd3 Qe7 12. Qe2 Qe6 13. h4 Nb8 14. e4 d6 15.
d5 Qe7 16. O-O-O Nd7 17. Bb5 O-O 18. Rde1 Nc5 19. Nd4 Ra7 20. f4 a4 {#d}
1/2-1/2

[Event "Idaho Open (Open)"]
[Site "Pocatello, ID"]
[Date "2009.04.04"]
[Round "3.2"]
[White "Watts, Victor G"]
[Black "Ungureanu, Razvan"]
[Result "1-0"]
[WhiteElo "1718"]
[BlackElo "1330"]

1. d4 Nf6 2. e3 d5 3. Bd3 e6 4. Nd2 c5 5. c3 b6 6. f4 Bb7 7. Qf3 Be7 8. Nh3
Ba6 9. Bxa6 Nxa6 10. O-O c4 11. e4 dxe4 12. Nxe4 Nxe4 13. Qxe4 Qd5 14. Qc2 g6
15. Qa4+ b5 16. Qxa6 O-O 17. a4 Rfb8 18. axb5 Rxb5 19. Qa4 Rb3 20. Qa5 Rb5 21.
Qa2 a5 22. Qb1 a4 23. Qc2 Rb3 24. Be3 Rab8 25. Ra2 Qb7 26. Bc1 Qc6 27. Ng5
R8b5 28. Qe2 a3 29. bxa3 Rxc3 30. Rc2 Rd3 31. Qxd3 cxd3 32. Rxc6 Rb1 33. Rc7
Bxa3 34. Bxa3 Rxf1+ 35. Kxf1 {#r} 1-0

[Event "Idaho Open (Open)"]
[Site "Pocatello, ID"]
[Date "2009.04.05"]
[Round "4.1"]
[White "Nowak, Gregory W"]
[Black "Watts, Victor G"]
[Result "1-0"]
[WhiteElo "2129"]
[BlackElo "1718"]

1. g3 d5 2. Nf3 Bf5 3. Bg2 e6 4. O-O Be7 5. c4 c6 6. cxd5 cxd5 7. Qb3 b6 8.
Nc3 Nf6 9. d3 O-O 10. e4 dxe4 11. dxe4 Nxe4 12. Rd1 Qc8 13. Nd4 Nc5 14. Nxf5
exf5 15. Qd5 Nba6 16. Qxa8 Qxa8 17. Bxa8 Rxa8 18. Nd5 Bf8 19. Be3 Ne6 20. Rac1
Kh8 21. a3 h6 22. b4 Rd8 23. Nf4 Rxd1+ 24. Rxd1 Nac7 25. Rd7 a5 26. bxa5 bxa5
27. a4 Kg8 28. Bb6 Nxf4 29. gxf4 Ne6 30. Ra7 Nxf4 31. Ra8 Ne6 32. Bxa5 Kh7 33.
Bb6 f4 34. a5 Bb4 35. a6 f3 36. a7 Nf4 37. Rh8+ Kg6 38. a8=Q f5 39. Qxf3 Nh5
40. Bd4 Bd6 41. Qc6 Nf4 42. Qxd6+ Kg5 43. Be3 Kh5 44. Bxf4 g6 45. f3 {#r} 1-0

[Event "Idaho Open (Open)"]
[Site "Pocatello, ID"]
[Date "2009.04.05"]
[Round "5.2"]
[White "Watts, Victor G"]
[Black "Roland, Jeffrey T"]
[Result "1/2-1/2"]
[WhiteElo "1718"]
[BlackElo "1782"]

1. d4 Nf6 2. e3 b6 3. f4 Bb7 4. Nf3 g6 5. Bd3 Bg7 6. O-O O-O 7. Bd2 Ne4 8. Be1
d5 9. Nbd2 Nd7 10. Ng5 Nxg5 11. fxg5 e5 12. Qg4 exd4 13. exd4 c5 14. c3 Bc8
15. Qh4 cxd4 16. cxd4 Re8 17. Rc1 Nf8 18. Bg3 Ne6 19. Nf3 Bd7 20. Ba6 Bc8 21.
Bb5 Bd7 22. Bxd7 Qxd7 23. Ne5 Qa4 24. Rxf7 Qxd4+ 25. Qxd4 Nxd4 26. Rxg7+ Kxg7
27. Rc7+ Kg8 28. Ng4 Ne2+ 29. Kf2 Nxg3 30. Nf6+ {#d} 1/2-1/2

[Event "EIO (Open)"]
[Site "Pocatello, ID"]
[Date "2009.09.26"]
[Round "1.3"]
[White "Laimana, Jershon"]
[Black "Watts, Victor G"]
[Result "1-0"]
[WhiteElo "1434"]
[BlackElo "1723"]

1. e4 b6 2. d4 e6 3. Nc3 Bb7 4. Nf3 Bb4 5. Bd3 Nf6 6. Bg5 h6 7. Bxf6 Qxf6 8.
O-O Nc6 9. Nb5 Qd8 10. c3 Be7 11. d5 exd5 12. exd5 Nb8 13. Qb3 O-O 14. Nbd4
Na6 15. Bxa6 Bxa6 16. Rfe1 Bc5 17. Re4 Bd3 18. Rg4 Re8 19. c4 Be2 20. Qc3 Bxd4
21. Qxd4 f6 22. Rg3 Qe7 23. Re1 Qd6 24. Qg4 g5 25. Qf5 Kg7 26. Nh4 Bd3 27.
Ree3 Rxe3 28. Rxe3 gxh4 29. Qxd3 Rf8 30. Qf5 Qb4 31. Qxd7+ Kh8 32. Re7 {#r}
1-0

[Event "EIO (Open)"]
[Site "Pocatello, ID"]
[Date "2009.09.26"]
[Round "2.3"]
[White "Watts, Victor G"]
[Black "Abernathy, Caleb Patrick"]
[Result "1-0"]
[WhiteElo "1723"]
[BlackElo "1364"]

1. d4 d6 2. Bg5 h6 3. Bh4 Bf5 4. Nc3 g5 5. Bg3 Bg7 6. e4 Bg6 7. Qf3 Bxd4 8.
O-O-O Nc6 9. Bb5 Bxc3 10. Qxc3 Qd7 11. Qxh8 O-O-O 12. Qc3 Bxe4 13. f3 Bg6 14.
Ne2 e6 15. Nd4 Nge7 16. Bf2 Kb8 17. Nxc6+ Nxc6 18. Qe3 Bxc2 19. Rd2 Bf5 20. g4
Bg6 21. h4 f6 22. h5 Be8 23. Rc2 Qf7 24. Kb1 e5 25. Rhc1 Qh7 26. Ka1 Nd4 27.
Bd3 Nxc2+ 28. Rxc2 Qg8 29. Qxa7+ Kc8 30. Bf5+ Bd7 31. Qa8# 1-0

[Event "EIO (Open)"]
[Site "Pocatello, ID"]
[Date "2009.09.26"]
[Round "3.3"]
[White "Kircher, Caleb Paul"]
[Black "Watts, Victor G"]
[Result "0-1"]
[WhiteElo "1557"]
[BlackElo "1723"]

1. e4 b6 2. d4 Bb7 3. Nc3 e6 4. a3 Nf6 5. Bd3 d5 6. e5 Nfd7 7. Nce2 c5 8. c3
Be7 9. f4 a6 10. Nf3 b5 11. O-O Qb6 12. Be3 Nc6 13. Kh1 O-O-O 14. f5 Rdg8 15.
fxe6 fxe6 16. Nf4 Nf8 17. dxc5 Bxc5 18. Bxc5 Qxc5 19. Ng5 Nd8 20. Qg4 Qe7 21.
a4 h6 22. Nf3 g5 23. Ne2 h5 24. Qd4 Nc6 25. Qb6 Nd7 26. Qxb7+ Kxb7 27. axb5
axb5 28. Bxb5 Ndxe5 29. Ned4 Ra8 30. Nxe5 Nxe5 31. Rae1 Qd6 32. Rf6 Ng4 33.
Rf7+ Kc8 34. Bd7+ Qxd7 35. Rxd7 Kxd7 36. h3 Nf2+ 37. Kg1 Ne4 38. Nf3 Kd6 39.
c4 g4 40. cxd5 exd5 41. hxg4 hxg4 42. Nd4 g3 43. Rc1 Rac8 44. Ra1 Rhf8 45. Nf3
Rc6 46. Nd4 Rb6 47. b3 Nd2 48. Re1 Kc5 49. Ne2 Rbf6 50. Nxg3 Kb4 51. Rd1 Kc3
52. Ne2+ Kc2 53. Rc1+ Kxb3 54. Ng3 d4 55. Rd1 Kc2 56. Re1 d3 57. Re7 R6f7 58.
Re3 Nf1 59. Nxf1 Rxf1+ 60. Kh2 d2 61. Re7 d1=Q 62. Rc7+ Kb3 63. Rb7+ Kc4 64.
Rc7+ Kb5 65. g4 Qd6+ 66. Kh3 Rh8+ 67. Kg2 Qxc7 68. Kxf1 Qc2 69. Kg1 Rh2 70. g5
Qf2# 0-1

[Event "EIO (Open)"]
[Site "Pocatello, ID"]
[Date "2009.09.27"]
[Round "4.2"]
[White "Watts, Victor G"]
[Black "Owen, Gary"]
[Result "1-0"]
[WhiteElo "1723"]
[BlackElo "1598"]

1. d4 Nf6 2. e3 d5 3. Bd3 e6 4. Nd2 c5 5. c3 Nc6 6. f4 Bd6 7. Nh3 c4 8. Bc2
O-O 9. O-O Bd7 10. g4 g6 11. Qe2 Kg7 12. Qg2 Rh8 13. Nf3 h5 14. gxh5 Rxh5 15.
Ne5 Bxe5 16. fxe5 Nh7 17. Rxf7+ Kxf7 18. Qxg6+ Ke7 19. Qg7+ Ke8 20. Bg6# 1-0

[Event "EIO (Open)"]
[Site "Pocatello, ID"]
[Date "2009.09.27"]
[Round "5.1"]
[White "Morrow, Hans M"]
[Black "Watts, Victor G"]
[Result "1-0"]
[WhiteElo "1912"]
[BlackElo "1723"]

1. e4 b6 2. d4 Bb7 3. Nd2 g6 4. c3 Bg7 5. Ngf3 c6 6. Bd3 Qc7 7. O-O d6 8. Nc4
b5 9. Ne3 Nd7 10. Re1 a6 11. a4 h5 12. Qc2 e5 13. Bd2 Ne7 14. axb5 cxb5 15.
Qb3 Bf6 16. Nc2 Nc6 17. h3 Qd8 18. Be3 g5 19. d5 Ncb8 20. c4 g4 21. hxg4 hxg4
22. Nh2 Rg8 23. cxb5 Ke7 24. bxa6 Bxa6 25. Bxa6 Rxa6 26. Rxa6 Nxa6 27. Qb5 Nc7
28. Qe2 Qf8 29. Nxg4 Qg7 30. f3 Bh4 31. Bf2 Bg5 32. Nce3 Qh7 33. Nf5+ Kf8 34.
Bg3 Nxd5 35. Qa6 {(Hans had 45 minutes to Victor's 5 minutes for the rest of
the game. Hans placed his Queen at a5 (an illegal move!) so Black got 2 extra
minutes. After the game, a very enjoyable, lengthy, and humorous exchange of
how White was won in all lines (even if you gave Black extra moves) was
conducted by Hans.--Roland)} Ne7 36. Qa8+ {#r} 1-0